When Race Meets Class (Record no. 566204)

MARC details
000 -LEADER
fixed length control field 00549nam a2200193Ia 4500
008 - FIXED-LENGTH DATA ELEMENTS--GENERAL INFORMATION
fixed length control field 241212s9999 xx 000 0 und d
020 ## - INTERNATIONAL STANDARD BOOK NUMBER
ISBN 9781032295633
Paper back/Hardbound pbk
041 ## - LANGUAGE CODE
Language code of text/sound track or separate title eng
082 ## - DEWEY DECIMAL CLASSIFICATION NUMBER
Classification number 305.5
Item number LEV
100 ## - MAIN ENTRY--AUTHOR NAME
Personal name Levine . F Rhonda
245 #0 - TITLE STATEMENT
Title When Race Meets Class
Statement of responsibility, etc Rhonda F. Levine
250 ## - EDITION STATEMENT
Edition statement First edition
260 ## - PUBLICATION, DISTRIBUTION, ETC. (IMPRINT)
Name of publisher Routledge,
Year of publication 2022
Place of publication New york
300 ## - PHYSICAL DESCRIPTION
Number of Pages 192p;
Dimensions 22 cm
504 ## - BIBLIOGRAPHY, ETC. NOTE
Bibliography, etc Includes index
650 ## - SUBJECT ADDED ENTRY--TOPICAL TERM
Topical Term Sociology ; Discrimination raciale ; Jeunesse noire américaine Conditions.
942 ## - ADDED ENTRY ELEMENTS (KOHA)
Koha item type Reference
Holdings
Withdrawn status Lost status Damaged status Not for loan Home library Current library Shelving location Date acquired Cost, normal purchase price Full call number Accession Number Price effective from Koha item type
        Anna Centenary Library Anna Centenary Library 3RD FLOOR, B WING 01.10.2024 5301.00 305.5 LEV 698489 01.10.2024 Reference

Find us on the map